|
|
|
|
| LEADER |
00000nam0a2200000 4500 |
| 001 |
198460 |
| 005 |
20231101224822.0 |
| 010 |
|
|
|a 9785406003855
|
| 035 |
|
|
|a (RuTPU)RU\TPU\book\216450
|
| 090 |
|
|
|a 198460
|
| 100 |
|
|
|a 20110629d2011 m y0rusy50 ca
|
| 101 |
0 |
|
|a rus
|
| 102 |
|
|
|a RU
|
| 105 |
|
|
|a a j 001zy
|
| 200 |
1 |
|
|a Средства измерений
|e учебник
|f Р. В. Медведева, В. П. Мельников
|
| 210 |
|
|
|a Москва
|c КноРус
|d 2011
|
| 215 |
|
|
|a 233 с.
|c ил.
|
| 225 |
1 |
|
|a Среднее профессиональное образование
|
| 320 |
|
|
|a Библиогр.: с. 232-233.
|
| 330 |
|
|
|a Приведены основные, дополнительные и производные единицы Международной системы единиц физических величин (СИ). Рассмотрены основные понятия и определения метрологии в части видов измерительной техники, методов измерений и погрешности средств измерений. Изложены основы построения Государственной системы промышленных приборов и средств автоматизации (ГСП). Отражены вопросы применения и устройства аналоговых и цифровых измерительных приборов, средств автоматизации, преобразователей электрических и неэлектрических величин. Освещены методы И средства измерения температуры, давления, расхода жидкости и газа, линейных и угловых величин. Для учреждений среднего профессионального образования по специальности "Автоматизация технологических процессов и производств".
|
| 606 |
1 |
|
|a Электроизмерительная техника
|2 stltpush
|3 (RuTPU)RU\TPU\subj\19986
|9 45133
|
| 610 |
1 |
|
|a физические величины
|
| 610 |
1 |
|
|a измерение
|
| 610 |
1 |
|
|a методы
|
| 610 |
1 |
|
|a средства
|
| 610 |
1 |
|
|a ГСП
|
| 610 |
1 |
|
|a государственная система промышленных приборов и средств автоматизации
|
| 610 |
1 |
|
|a электрические величины
|
| 610 |
1 |
|
|a неэлектрические величины
|
| 610 |
1 |
|
|a теплотехнические измерения
|
| 610 |
1 |
|
|a линейные измерения
|
| 610 |
1 |
|
|a угловые измерения
|
| 610 |
1 |
|
|a измерительные приборы
|
| 610 |
1 |
|
|a автоматизация
|
| 610 |
1 |
|
|a учебники
|
| 675 |
|
|
|a 621.317.7(075.32)
|v 3
|
| 700 |
|
1 |
|a Медведева
|b Р. В.
|g Раиса Васильевна
|
| 701 |
|
1 |
|a Мельников
|b В. П.
|g Владимир Павлович
|
| 801 |
|
1 |
|a RU
|b 63413507
|c 20110629
|
| 801 |
|
2 |
|a RU
|b 63413507
|c 20150609
|g RCR
|
| 900 |
|
|
|a Методы и средства измерений, испытаний и контроля
|
| 942 |
|
|
|c BK
|
| 959 |
|
|
|a 63/20110629
|d 2
|e 300,00
|f ЧЗТЛ:1
|f АНЛ:1
|